[Event "4NCL Division 2a"]
[Site "Telford, ENG"]
[Date "2017.11.12"]
[Round "2.11"]
[White "Payne, Matthew J"]
[Black "Cyborowski, Lukasz"]
[Result "0-1"]
[WhiteElo "2117"]
[BlackElo "2517"]
[PlyCount "46"]
[EventDate "2017.11.12"]
[WhiteTeam "Sussex Martlets 1"]
[BlackTeam "Manx Liberty"]

1. e4 d6 2. Nc3 e5 3. f4 exf4 4. Nf3 g5 5. g3 fxg3 6. hxg3 Bg7 7. d4 Bg4 8. Be2
h6 9. Be3 Nc6 10. Qd3 Nge7 11. O-O-O a6 12. Rdf1 Ng6 13. Nd5 Nce7 14. Nxg5 Bxe2
15. Qxe2 hxg5 16. Rxh8+ Bxh8 17. Bxg5 Qd7 18. Nxe7 Nxe7 19. Qh5 Ng6 20. c3 Qe6
21. Qh7 Bxd4 22. Qg8+ Nf8 23. Rf3 Be5 0-1

[Event "4NCL Division 2a"]
[Site "Telford, ENG"]
[Date "2017.11.12"]
[Round "2.12"]
[White "Bobras, Piotr"]
[Black "Cumming, Rhys"]
[Result "1-0"]
[WhiteElo "2512"]
[BlackElo "2154"]
[PlyCount "71"]
[EventDate "2017.11.12"]
[WhiteTeam "Manx Liberty"]
[BlackTeam "Sussex Martlets 1"]

1. e4 e5 2. Nf3 Nc6 3. Bb5 a6 4. Ba4 Nf6 5. O-O b5 6. Bb3 Bc5 7. a4 Rb8 8. axb5
axb5 9. Nxe5 Nxe5 10. d4 Bxd4 11. Qxd4 d6 12. f4 Nc6 13. Qc3 Ne7 14. Ra7 c5 15.
e5 Nfd5 16. Bxd5 Nxd5 17. Qf3 Qb6 18. Rxf7 Kxf7 19. Qxd5+ Be6 20. Qd1 Bf5 21.
Nc3 Rhf8 22. g4 Bc8 23. Ne4 Bb7 24. Nxd6+ Kg8 25. Nxb7 Qxb7 26. Qe2 Qd5 27. f5
Rbe8 28. e6 Qd4+ 29. Kg2 g6 30. Bh6 Rf6 31. Bg5 Rff8 32. c3 Qd5+ 33. Qf3 Qc4
34. Bh6 Rf6 35. b3 Qxb3 36. Qb7 1-0

[Event "4NCL Division 2a"]
[Site "Telford, ENG"]
[Date "2017.11.12"]
[Round "2.13"]
[White "Graham, David B"]
[Black "Galyas, Miklos"]
[Result "1/2-1/2"]
[WhiteElo "2189"]
[BlackElo "2480"]
[PlyCount "86"]
[EventDate "2017.11.12"]
[WhiteTeam "Sussex Martlets 1"]
[BlackTeam "Manx Liberty"]

1. e4 d6 2. d4 Nf6 3. Nc3 g6 4. g3 Bg7 5. Bg2 O-O 6. Nge2 e5 7. h3 c6 8. O-O b5
9. a3 Nbd7 10. d5 cxd5 11. Nxd5 Bb7 12. Nec3 Nxd5 13. Nxd5 Nb6 14. Nxb6 Qxb6
15. Be3 Qc6 16. Qd2 f5 17. Rad1 Rad8 18. Bg5 Rd7 19. Rfe1 f4 20. gxf4 h6 21.
Bh4 exf4 22. f3 Be5 23. Bf2 a6 24. Bf1 Kh7 25. c3 Rdd8 26. Bd4 Qc7 27. Qf2 Qe7
28. Rd2 Bc8 29. Red1 h5 30. Bxe5 dxe5 31. Rxd8 Rxd8 32. Rxd8 Qxd8 33. h4 Qe7
34. Kh2 Be6 35. Bh3 Bxh3 36. Kxh3 Qd7+ 37. Kh2 Qd3 38. Qa7+ Kh6 39. Qg1 Qd8 40.
Kh3 Qd7+ 41. Kh2 Qd6 42. Kh3 a5 43. b4 axb4 1/2-1/2

[Event "4NCL Division 2a"]
[Site "Telford, ENG"]
[Date "2017.11.12"]
[Round "2.14"]
[White "Kolbus, Dietmar"]
[Black "Lunn, Matthew"]
[Result "1-0"]
[WhiteElo "2317"]
[BlackElo "2091"]
[PlyCount "139"]
[EventDate "2017.11.12"]
[WhiteTeam "Manx Liberty"]
[BlackTeam "Sussex Martlets 1"]

1. c4 c5 2. Nf3 Nc6 3. d4 cxd4 4. Nxd4 g6 5. e4 Nf6 6. Nc3 d6 7. Be2 Nxd4 8.
Qxd4 Bg7 9. Bg5 h6 10. Be3 O-O 11. Qd2 Kh7 12. O-O Be6 13. Rac1 Qa5 14. f3 Rfc8
15. b3 a6 16. Na4 Qxd2 17. Bxd2 Nd7 18. Be3 Rab8 19. Nc3 b5 20. Nd5 bxc4 21.
Bxc4 Bxd5 22. Bxd5 e6 23. Bc4 a5 24. Rfd1 Bb2 25. Rc2 Ba3 26. Rdd2 Bb4 27. Re2
Bc5 28. Kf2 Bxe3+ 29. Kxe3 Rb6 30. Bd3 Rxc2 31. Rxc2 Nc5 32. Be2 a4 33. bxa4
Nxa4 34. Rc4 Nb2 35. Rc7 Kg7 36. Ra7 Rc6 37. Ra6 Nc4+ 38. Bxc4 Rxc4 39. Rxd6
Rc2 40. Rd2 Rc1 41. Kd3 Kf6 42. Rc2 Rd1+ 43. Kc4 h5 44. a4 Ra1 45. Kb3 Ke5 46.
Ra2 Rb1+ 47. Kc4 Kd6 48. a5 Kc7 49. Kd4 Rb5 50. a6 Kb8 51. a7+ Ka8 52. h4 g5
53. hxg5 Rxg5 54. Ke3 e5 55. Kf2 f5 56. exf5 Rxf5 57. Kg3 Rf7 58. Kh4 Rh7 59.
Ra5 Rg7 60. g3 Rf7 61. Rxe5 Rxf3 62. Rxh5 Kxa7 63. g4 Kb6 64. Rf5 Ra3 65. g5
Kc7 66. Rd5 Ra1 67. g6 Rh1+ 68. Kg5 Rg1+ 69. Kf6 Kc6 70. Rg5 1-0

[Event "4NCL Division 2a"]
[Site "Telford, ENG"]
[Date "2017.11.12"]
[Round "2.15"]
[White "Bucher, Grant W"]
[Black "Jaracz, Barbara"]
[Result "0-1"]
[WhiteElo "2139"]
[BlackElo "2231"]
[PlyCount "96"]
[EventDate "2017.11.12"]
[WhiteTeam "Sussex Martlets 1"]
[BlackTeam "Manx Liberty"]

1. e4 e5 2. f4 Bc5 3. Nc3 d6 4. Nf3 Nf6 5. Bc4 Nc6 6. d3 a6 7. f5 h6 8. a4 O-O
9. h3 Nd4 10. g4 c6 11. h4 d5 12. Ba2 dxe4 13. Nxe4 Nxe4 14. dxe4 Kh7 15. Nd2
Be7 16. c3 Bxh4+ 17. Kf1 Ne6 18. g5 Qd3+ 19. Qe2 Qxe2+ 20. Kxe2 Nf4+ 21. Kf3
Bxg5 22. Nc4 f6 23. Be3 b5 24. Nb6 Rb8 25. Rad1 a5 26. Bc5 Rh8 27. Rd6 Bb7 28.
Rhd1 h5 29. Rd7 bxa4 30. Bd6 Ba6 31. Bxb8 Be2+ 32. Kg3 h4+ 33. Kf2 Rxb8 34.
Nxa4 Bxd1 35. Rxd1 g6 36. Rd7+ Kh6 37. fxg6 Kxg6 38. Bf7+ Kh6 39. Kf3 h3 40.
Rd1 Kg7 41. Bc4 h2 42. Rh1 Rh8 43. Nc5 Rh3+ 44. Kg4 Kg6 45. Ba6 Rh4+ 46. Kg3
Nh5+ 47. Kg2 Bf4 48. Bc8 Ng3 0-1

[Event "4NCL Division 2a"]
[Site "Telford, ENG"]
[Date "2017.11.12"]
[Round "2.16"]
[White "Dahl, Baard"]
[Black "Grant, David J"]
[Result "1/2-1/2"]
[WhiteElo "2030"]
[BlackElo "2140"]
[PlyCount "99"]
[EventDate "2017.11.12"]
[WhiteTeam "Manx Liberty"]
[BlackTeam "Sussex Martlets 1"]

1. e4 c5 2. Nf3 d6 3. d4 cxd4 4. Nxd4 Nf6 5. Nc3 g6 6. Be3 Bg7 7. f3 Nc6 8. Qd2
O-O 9. O-O-O d5 10. Qe1 e5 11. Nxc6 bxc6 12. exd5 Nxd5 13. Ne4 f5 14. Bc4 fxe4
15. fxe4 Be6 16. exd5 cxd5 17. Bb3 Rf7 18. Kb1 Rb8 19. Rf1 Rfb7 20. Qc3 Kh8 21.
Qc6 Bg8 22. Ka1 Rc7 23. Qa4 d4 24. Bxg8 Qxg8 25. Bc1 Rbc8 26. Rf2 e4 27. Rxd4
Bxd4 28. Qxd4+ Qg7 29. Qxe4 Re7 30. Qh4 Qe5 31. Rf1 Kg8 32. Kb1 Qe2 33. Rf2 Qe1
34. Qf6 Rd8 35. Rf1 Qe2 36. Rf2 Qe5 37. Qxe5 Rxe5 38. b3 Rf5 39. Rxf5 gxf5 40.
g3 Rd1 41. Kb2 Rh1 42. b4 Kf7 43. Bf4 Ke6 44. Kc3 Kd5 45. Kd3 Rd1+ 46. Bd2 Ra1
47. a4 a6 48. c4+ Kc6 49. Be3 Rb1 50. Kc3 1/2-1/2

[Event "4NCL Division 2a"]
[Site "Telford, ENG"]
[Date "2017.11.12"]
[Round "2.17"]
[White "Brewer, Callum D"]
[Black "Fabri, Henrik"]
[Result "1/2-1/2"]
[WhiteElo "2140"]
[BlackElo "1926"]
[PlyCount "112"]
[EventDate "2017.11.12"]
[WhiteTeam "Sussex Martlets 1"]
[BlackTeam "Manx Liberty"]

1. e4 e5 2. Nf3 Nc6 3. d4 exd4 4. Nxd4 Nf6 5. Nc3 Bb4 6. Nxc6 bxc6 7. Bd3 O-O
8. O-O d5 9. exd5 cxd5 10. Bg5 c6 11. Qf3 Be7 12. Rae1 Re8 13. Ne2 Ne4 14. Bxe7
Rxe7 15. Nd4 Qe8 16. Bxe4 dxe4 17. Qa3 c5 18. Nb3 c4 19. Nd4 c3 20. Qxc3 Ba6
21. Nf5 f6 22. Nxe7+ Qxe7 23. Qc6 Bb7 24. Qc4+ Kh8 25. Re3 f5 26. f4 Re8 27.
Qb3 Rd8 28. Rfe1 h6 29. Qa3 Qc7 30. Qc3 Qb6 31. Kh1 Rd7 32. Qe5 Qxe3 33. Rg1
Rd5 34. Qb8+ Kh7 35. Qxb7 Rd2 36. Qc7 Qd4 37. Qf7 Qc5 38. b4 Qd5 39. Qxd5 Rxd5
40. Re1 Rd2 41. Kg1 Kg8 42. c4 Kf8 43. c5 Ke7 44. a4 Rd4 45. Rb1 Rc4 46. a5 a6
47. Kf2 Rc2+ 48. Kf1 g5 49. fxg5 hxg5 50. Rd1 Rb2 51. Rd4 Ke6 52. Rc4 Kd7 53.
c6+ Kc7 54. h3 Rb1+ 55. Kf2 Rb2+ 56. Kf1 Rb1+ 1/2-1/2

[Event "4NCL Division 2a"]
[Site "Telford, ENG"]
[Date "2017.11.12"]
[Round "2.18"]
[White "Costello, John"]
[Black "Willson, Ollie"]
[Result "0-1"]
[WhiteElo "1710"]
[BlackElo "2087"]
[PlyCount "126"]
[EventDate "2017.11.12"]
[WhiteTeam "Manx Liberty"]
[BlackTeam "Sussex Martlets 1"]

1. d4 Nf6 2. c4 e6 3. Nc3 Bb4 4. Nf3 b6 5. Bg5 Bb7 6. e3 h6 7. Bxf6 Qxf6 8. Be2
Bxc3+ 9. bxc3 O-O 10. O-O d6 11. Qc2 Nd7 12. Rad1 Rad8 13. Rfe1 e5 14. e4 Rfe8
15. Bd3 a5 16. h3 Re7 17. Rd2 Rde8 18. Rde2 Qe6 19. Nh4 g6 20. Qd2 Kh7 21. Re3
Nf6 22. d5 Qd7 23. Kh2 Nh5 24. g3 Bc8 25. Bf1 Rf8 26. Qe2 Ng7 27. Rf3 Ree8 28.
Bg2 f5 29. exf5 Nxf5 30. Nxf5 Rxf5 31. Re3 Qf7 32. Rf1 Bd7 33. Be4 Rf6 34. Rf3
Rxf3 35. Bxf3 Rf8 36. Be4 Bf5 37. Kg2 Qd7 38. g4 Bxe4+ 39. Qxe4 Qf7 40. f3 Qf4
41. Qd3 Qg5 42. Rh1 Qh4 43. Qc2 Rf4 44. Qe2 h5 45. Rf1 Qg5 46. Rh1 Qf6 47. Rc1
Kg7 48. Kg3 Rxg4+ 49. hxg4 Qf4+ 50. Kg2 Qxc1 51. gxh5 Qg5+ 52. Kf2 gxh5 53. Qf1
Qd2+ 54. Kg1 Qg5+ 55. Kh1 Qg3 56. Qd3 Kf6 57. Qh7 Qxf3+ 58. Kg1 Qg4+ 59. Kh2
Qf4+ 60. Kh1 Qh4+ 61. Kg1 Qg4+ 62. Kh1 Qxc4 63. Qh6+ Kf5 0-1

[Event "4NCL Division 2a"]
[Site "Telford, ENG"]
[Date "2017.11.12"]
[Round "2.21"]
[White "McMichael, Richard J"]
[Black "Kulon, Klaudia"]
[Result "0-1"]
[WhiteElo "2231"]
[BlackElo "2352"]
[PlyCount "92"]
[EventDate "2017.11.12"]
[WhiteTeam "Kings Head"]
[BlackTeam "Celtic Tigers"]

1. f4 g6 2. Nf3 Bg7 3. e4 c5 4. Nc3 Nc6 5. Bb5 Nd4 6. Nxd4 cxd4 7. Ne2 Nf6 8.
Bd3 d6 9. O-O O-O 10. Ng3 b6 11. Qe2 Nd7 12. Bc4 Bb7 13. d3 e6 14. f5 d5 15.
Bb3 Nc5 16. fxe6 Nxe6 17. Bd2 a5 18. Rae1 Nc5 19. Bxd5 Bxd5 20. exd5 Qxd5 21.
a3 Rac8 22. Bc1 h5 23. Qf2 Rc6 24. Ne4 Nd7 25. Re2 Rfc8 26. Rfe1 Ne5 27. h3 f5
28. Ng5 Nxd3 29. Re8+ Bf8 30. cxd3 Rxe8 31. Rxe8 Rxc1+ 32. Re1 Qc6 33. h4 Bd6
34. g3 Rc2 35. Re8+ Qxe8 36. Qxc2 Qe1+ 37. Kg2 Qxg3+ 38. Kf1 Kg7 39. Qc4 Qf4+
40. Kg1 Qxh4 41. Qf7+ Kh6 42. Ne6 Qg3+ 43. Kf1 Qxd3+ 44. Kg2 Qe2+ 45. Kg1 Qe5
46. Nf8 Qg7 0-1

[Event "4NCL Division 2a"]
[Site "Telford, ENG"]
[Date "2017.11.12"]
[Round "2.22"]
[White "Maciol, Ryszard"]
[Black "Tukpetov, Evgeny"]
[Result "0-1"]
[WhiteElo "2162"]
[BlackElo "2213"]
[PlyCount "84"]
[EventDate "2017.11.12"]
[WhiteTeam "Celtic Tigers"]
[BlackTeam "Kings Head"]

1. d4 d5 2. c4 Nc6 3. Nf3 Bg4 4. Nc3 e6 5. cxd5 exd5 6. Bf4 Bxf3 7. gxf3 Bd6 8.
Qd2 Nge7 9. O-O-O Na5 10. Bg5 h6 11. Bh4 Nc4 12. Qc2 c6 13. e4 Qa5 14. exd5
cxd5 15. Bxc4 dxc4 16. Rhe1 Kf8 17. d5 Rd8 18. Qe4 g5 19. Bg3 Qc5 20. Bxd6 Qxd6
21. Qxc4 Qxh2 22. Qc5 Rd7 23. Kb1 b6 24. Qd4 Rg8 25. Qa4 Qc7 26. Nb5 Qd8 27. d6
Nc8 28. Rd5 Rg6 29. Rde5 Nxd6 30. Nxa7 Kg7 31. Rd5 Qa8 32. Qxd7 Qxd5 33. Nc6
Qd3+ 34. Ka1 Qd2 35. Rh1 Re6 36. a3 Qxf2 37. Nd8 Re1+ 38. Rxe1 Qxe1+ 39. Ka2
Qe5 40. Kb3 Qd5+ 41. Kc2 h5 42. Nxf7 Qc5+ 0-1

[Event "4NCL Division 2a"]
[Site "Telford, ENG"]
[Date "2017.11.12"]
[Round "2.23"]
[White "Okike, David"]
[Black "Quinn, John M"]
[Result "1/2-1/2"]
[WhiteElo "2198"]
[BlackElo "2169"]
[PlyCount "48"]
[EventDate "2017.11.12"]
[WhiteTeam "Kings Head"]
[BlackTeam "Celtic Tigers"]

1. e4 c5 2. Nf3 e6 3. d4 cxd4 4. Nxd4 Nc6 5. Nc3 Qc7 6. f4 a6 7. a3 b5 8. Nxc6
Qxc6 9. Bd3 Bb7 10. Bd2 Nf6 11. Qe2 b4 12. axb4 Bxb4 13. e5 Nd5 14. Be4 Bxc3
15. bxc3 Qb6 16. Qf3 g6 17. Ke2 Qb5+ 18. Kf2 Qc5+ 19. Kg3 Bc6 20. Rhb1 O-O 21.
Rb3 Rfc8 22. h4 Ne7 23. Bxc6 Rxc6 24. Kh3 h5 1/2-1/2

[Event "4NCL Division 2a"]
[Site "Telford, ENG"]
[Date "2017.11.12"]
[Round "2.24"]
[White "Pedersen, Carsten"]
[Black "Guthrie, David"]
[Result "1/2-1/2"]
[WhiteElo "2144"]
[BlackElo "2174"]
[PlyCount "32"]
[EventDate "2017.11.12"]
[WhiteTeam "Celtic Tigers"]
[BlackTeam "Kings Head"]

1. e4 e5 2. Bc4 Nf6 3. d3 Nc6 4. Nc3 Bb4 5. Nge2 d5 6. exd5 Nxd5 7. O-O Nxc3 8.
Nxc3 O-O 9. Ne4 Na5 10. a3 Nxc4 11. axb4 Nd6 12. Nxd6 Qxd6 13. Bd2 b6 14. Qf3
Bd7 15. Bc3 f6 16. Qg3 c5 1/2-1/2

[Event "4NCL Division 2a"]
[Site "Telford, ENG"]
[Date "2017.11.12"]
[Round "2.25"]
[White "Lewis, Alex"]
[Black "Way, Julian M"]
[Result "1/2-1/2"]
[WhiteElo "2165"]
[BlackElo "2013"]
[PlyCount "54"]
[EventDate "2017.11.12"]
[WhiteTeam "Kings Head"]
[BlackTeam "Celtic Tigers"]

1. e4 d6 2. d3 g6 3. g3 Bg7 4. Bg2 Nf6 5. Nf3 O-O 6. O-O Nc6 7. Nbd2 a6 8. a4
Rb8 9. a5 Bd7 10. Nc4 Qc8 11. Re1 Bg4 12. c3 Re8 13. Qe2 Nd7 14. d4 Bxf3 15.
Bxf3 e5 16. d5 Ne7 17. Bg2 f5 18. f3 Rf8 19. Bg5 Bf6 20. Qd2 Qd8 21. b4 Bxg5
22. Qxg5 Nc8 23. Qh6 Qf6 24. Bh3 Ne7 25. Rf1 g5 26. Qxf6 Nxf6 27. Nd2 Kg7
1/2-1/2

[Event "4NCL Division 2a"]
[Site "Telford, ENG"]
[Date "2017.11.12"]
[Round "2.26"]
[White "Skulte, Christopher"]
[Black "Gilfillan, Andrew"]
[Result "1/2-1/2"]
[WhiteElo "1957"]
[BlackElo "1990"]
[PlyCount "39"]
[EventDate "2017.11.12"]
[WhiteTeam "Celtic Tigers"]
[BlackTeam "Kings Head"]

1. e4 c5 2. Nf3 Nc6 3. Bb5 e6 4. O-O Nge7 5. d3 a6 6. Ba4 b5 7. Bb3 d5 8. exd5
Nxd5 9. Nbd2 Be7 10. a4 Bb7 11. Ne4 O-O 12. Bxd5 exd5 13. Ng3 Bf6 14. Nh5 d4
15. axb5 axb5 16. Rxa8 Bxa8 17. Re1 Nb4 18. Bd2 Nd5 19. Nxf6+ Qxf6 20. Ne5
1/2-1/2

[Event "4NCL Division 2a"]
[Site "Telford, ENG"]
[Date "2017.11.12"]
[Round "2.27"]
[White "Disu, Kayode"]
[Black "Larter, Nick J"]
[Result "1/2-1/2"]
[WhiteElo "1948"]
[BlackElo "1839"]
[PlyCount "110"]
[EventDate "2017.11.12"]
[WhiteTeam "Kings Head"]
[BlackTeam "Celtic Tigers"]

1. Nf3 f5 2. b3 e6 3. Bb2 d5 4. e3 Nf6 5. Be2 Bd6 6. c4 c6 7. Ne5 O-O 8. O-O
Qc7 9. f4 Nbd7 10. d4 Bxe5 11. fxe5 Ne4 12. Nd2 Nxd2 13. Qxd2 Rf7 14. cxd5 cxd5
15. Rfc1 Qd8 16. Ba3 Nf8 17. Bd6 Bd7 18. b4 Ng6 19. Bh5 Qg5 20. Bxg6 hxg6 21.
Rc7 Bb5 22. Rxf7 Kxf7 23. Rc1 Bc4 24. Qf2 Rh8 25. Qf3 Rh4 26. g3 Rxd4 27. Qf2
Rd3 28. Qf4 Qh5 29. g4 Qh3 30. gxf5 gxf5 31. Rf1 Qh5 32. h4 Rd1 33. Rxd1 Qxd1+
34. Kh2 Qe2+ 35. Kg1 Qe1+ 36. Kh2 Bf1 37. Qg5 Qe2+ 38. Kg1 Bh3 39. h5 Qg4+ 40.
Qxg4 Bxg4 41. h6 gxh6 42. Kf2 Ke8 43. a4 Kd7 44. Bf8 h5 45. Ke1 h4 46. Bh6 a6
47. Kd2 Kc6 48. Kc3 h3 49. Bf4 b6 50. Kc2 a5 51. Bh2 axb4 52. Bg1 Kc5 53. Kd3
Kc6 54. Kc2 Kc5 55. Kd3 Kc6 1/2-1/2

[Event "4NCL Division 2a"]
[Site "Telford, ENG"]
[Date "2017.11.12"]
[Round "2.28"]
[White "Buttell, David"]
[Black "Usharovsky, Ron"]
[Result "1-0"]
[WhiteElo "1782"]
[BlackElo "1533"]
[PlyCount "71"]
[EventDate "2017.11.12"]
[WhiteTeam "Celtic Tigers"]
[BlackTeam "Kings Head"]

1. d4 d5 2. c4 c6 3. Nf3 Nf6 4. Nc3 dxc4 5. a4 Bf5 6. e3 e6 7. Bxc4 Bb4 8. O-O
Nbd7 9. Qe2 O-O 10. e4 Bg4 11. e5 Nd5 12. Nxd5 cxd5 13. Bd3 h6 14. h3 Bh5 15.
Be3 Rc8 16. Rfc1 Qe7 17. Kh2 Nb6 18. b3 Ba3 19. Rcb1 Rc3 20. g4 Bg6 21. Ne1
Bxd3 22. Nxd3 Rfc8 23. Bd2 Rc2 24. a5 Nd7 25. b4 R8c3 26. Qe3 Bb2 27. Rxb2 Rxd3
28. Qxd3 Rxb2 29. Qc3 Rxd2 30. Qxd2 f6 31. f4 g5 32. Rc1 gxf4 33. Qxf4 Qxb4 34.
Qxh6 Qb2+ 35. Kh1 Nf8 36. exf6 1-0

[Event "4NCL Division 2a"]
[Site "Telford, ENG"]
[Date "2017.11.12"]
[Round "2.31"]
[White "Taylor, Adam C"]
[Black "Chow, Samuel"]
[Result "1/2-1/2"]
[WhiteElo "2260"]
[BlackElo "2327"]
[PlyCount "69"]
[EventDate "2017.11.12"]
[WhiteTeam "Wood Green Monarchs"]
[BlackTeam "White Rose 2"]

1. c4 Nf6 2. Nc3 d5 3. cxd5 Nxd5 4. g3 g6 5. Bg2 Nb6 6. d3 Bg7 7. Be3 O-O 8.
Qd2 Re8 9. Bh6 Bh8 10. h4 c6 11. h5 Nd5 12. Rc1 Nxc3 13. bxc3 Nd7 14. Nf3 Qa5
15. c4 Qxd2+ 16. Bxd2 Nf6 17. hxg6 hxg6 18. Bc3 Bg7 19. Rb1 Nd7 20. Bxg7 Kxg7
21. Ng5 Nf8 22. Kd2 Rd8 23. Kc3 f6 24. Ne4 Ne6 25. Bh3 b6 26. a4 Nd4 27. e3
Bxh3 28. Rxh3 Nf3 29. Rbh1 Kf7 30. Rh7+ Ke6 31. Rg7 f5 32. Nd2 Kf6 33. Rgh7
Nxd2 34. Kxd2 a6 35. Rb1 1/2-1/2

[Event "4NCL Division 2a"]
[Site "Telford, ENG"]
[Date "2017.11.12"]
[Round "2.32"]
[White "Brown, Martin"]
[Black "Sygnowski, Tomasz"]
[Result "0-1"]
[WhiteElo "2274"]
[BlackElo "2139"]
[PlyCount "78"]
[EventDate "2017.11.12"]
[WhiteTeam "White Rose 2"]
[BlackTeam "Wood Green Monarchs"]

1. e4 e6 2. d4 d5 3. Nd2 Nf6 4. e5 Nfd7 5. c3 c5 6. f4 Nc6 7. Ndf3 Qb6 8. g3
cxd4 9. cxd4 Bb4+ 10. Kf2 f6 11. Kg2 O-O 12. Bd3 Be7 13. Ne2 Rf7 14. Rf1 Nf8
15. a3 Bd7 16. b4 Rc8 17. Be3 Nd8 18. b5 Qc7 19. g4 b6 20. f5 Nb7 21. Nf4 Na5
22. fxe6 Bxe6 23. Nxe6 Nxe6 24. Bf5 Qd7 25. Kh1 Nc4 26. Qe2 g6 27. Bd3 fxe5 28.
Bxc4 dxc4 29. Nxe5 Qd5+ 30. Qg2 Rxf1+ 31. Rxf1 Qxg2+ 32. Kxg2 Bxa3 33. Nc6 Nc7
34. Ra1 Nxb5 35. d5 Re8 36. Kf3 c3 37. Nd4 Nxd4+ 38. Bxd4 c2 39. Be3 Rxe3+ 0-1

[Event "4NCL Division 2a"]
[Site "Telford, ENG"]
[Date "2017.11.12"]
[Round "2.33"]
[White "Pein, Jonathan"]
[Black "Townsend, M Paul"]
[Result "1/2-1/2"]
[WhiteElo "2167"]
[BlackElo "2267"]
[PlyCount "81"]
[EventDate "2017.11.12"]
[WhiteTeam "Wood Green Monarchs"]
[BlackTeam "White Rose 2"]

1. b3 e5 2. Bb2 d6 3. e3 Nf6 4. Nc3 g6 5. d4 Nbd7 6. Qd2 Bg7 7. O-O-O O-O 8. f3
c6 9. dxe5 dxe5 10. g4 Qe7 11. Nge2 b5 12. Ng3 b4 13. Nce4 Nxe4 14. Nxe4 Nc5
15. Qd6 Qxd6 16. Nxd6 Be6 17. e4 f6 18. Bc4 Bh6+ 19. Kb1 Rfd8 20. Bxe6+ Nxe6
21. Nb7 Rxd1+ 22. Rxd1 Rb8 23. Na5 Rd8 24. Rxd8+ Nxd8 25. a3 Bf8 26. axb4 Bxb4
27. Nc4 Ne6 28. c3 Bc5 29. Bc1 Bg1 30. h3 g5 31. Na5 Nd8 32. Kc2 Kf7 33. Nc4
Ke7 34. Ne3 Bxe3 35. Bxe3 a6 36. Kd3 Kd6 37. Kc4 Kc7 38. Bc5 Kd7 39. Kb4 Ne6
40. Bb6 Kc8 41. Be3 1/2-1/2

[Event "4NCL Division 2a"]
[Site "Telford, ENG"]
[Date "2017.11.12"]
[Round "2.34"]
[White "Shaw, Peter"]
[Black "Willow, Jonah B"]
[Result "0-1"]
[WhiteElo "2142"]
[BlackElo "2144"]
[PlyCount "130"]
[EventDate "2017.11.12"]
[WhiteTeam "White Rose 2"]
[BlackTeam "Wood Green Monarchs"]

1. d4 Nf6 2. Bf4 e6 3. e3 c5 4. c3 b6 5. Nd2 Bb7 6. Ngf3 Be7 7. h3 Ne4 8. Bd3
Nxd2 9. Qxd2 f5 10. O-O O-O 11. Qe2 d6 12. Rfe1 Kh8 13. Bh2 g5 14. Rad1 Qe8 15.
Bb1 g4 16. hxg4 fxg4 17. Nd2 Qh5 18. Ne4 Bxe4 19. Bxe4 d5 20. Bb1 Nd7 21. e4
Rf6 22. exd5 Rh6 23. Be5+ Bf6 24. f4 Bxe5 25. dxe5 Qh2+ 26. Kf1 Qxf4+ 27. Qf2
Rh1+ 28. Ke2 Qxe5+ 29. Kd2 Rxe1 30. Rxe1 Qxd5+ 31. Kc1 Qg5+ 32. Kc2 Rf8 33. Qg3
e5 34. Rh1 Qf4 35. Qd3 Qf5 36. Qxf5 Rxf5 37. Kd2 Rf7 38. Ke3 Nf6 39. Rd1 Kg7
40. Bf5 h5 41. Rd6 Kh6 42. Re6 Kg5 43. Rxe5 Re7 44. Be6+ Kh6 45. Kf4 Ne8 46.
Bd5 Rxe5 47. Kxe5 Kg5 48. a4 Nf6 49. Bc6 h4 50. b4 cxb4 51. cxb4 Nh5 52. Kd6
Nf4 53. Kc7 Nd3 54. b5 Nc5 55. a5 bxa5 56. Kb8 a4 57. Kxa7 a3 58. Bd5 h3 59.
gxh3 gxh3 60. Kb6 Nd3 61. Kc7 Nb4 62. Bc4 h2 63. b6 h1=Q 64. b7 Qh2+ 65. Kc8
Nc6 0-1

[Event "4NCL Division 2a"]
[Site "Telford, ENG"]
[Date "2017.11.12"]
[Round "2.35"]
[White "Manelidou, Maria"]
[Black "Sucikova, Svetlana"]
[Result "1/2-1/2"]
[WhiteElo "2106"]
[BlackElo "2123"]
[PlyCount "110"]
[EventDate "2017.11.12"]
[WhiteTeam "Wood Green Monarchs"]
[BlackTeam "White Rose 2"]

1. e4 c6 2. d4 d5 3. Nd2 dxe4 4. Nxe4 Bf5 5. Ng3 Bg6 6. h4 h6 7. Nf3 Nd7 8. h5
Bh7 9. Bd3 Bxd3 10. Qxd3 e6 11. Bd2 Ngf6 12. O-O-O Be7 13. Kb1 O-O 14. Ne4 Nxe4
15. Qxe4 Nf6 16. Qe2 Qd5 17. Be3 b5 18. Ne5 Ne4 19. g4 a5 20. Rhg1 Rfe8 21. f3
Nd6 22. f4 f6 23. Ng6 Ne4 24. g5 fxg5 25. Nxe7+ Rxe7 26. fxg5 hxg5 27. Rg4 Rf8
28. Bc1 Nd6 29. Rxg5 Rf5 30. Rxf5 Nxf5 31. Qg4 Kh8 32. Qg5 Qf3 33. Rd3 Qe4 34.
Rh3 Nxd4 35. Rd3 Rd7 36. Qe3 Qg4 37. h6 c5 38. hxg7+ Rxg7 39. Qe5 Qf5 40. Qxf5
exf5 41. c3 Ne6 42. b4 axb4 43. cxb4 Rg4 44. bxc5 Rc4 45. Rd5 Rxc5 46. Rxc5
Nxc5 47. Kc2 Kg7 48. Kc3 Kf6 49. Kd4 Ne4 50. a3 Ke6 51. Bf4 Nf2 52. Bg3 Ne4 53.
Bf4 Nf2 54. Bg3 Ne4 55. Bf4 Nf2 1/2-1/2

[Event "4NCL Division 2a"]
[Site "Telford, ENG"]
[Date "2017.11.12"]
[Round "2.36"]
[White "Ho, Conrad"]
[Black "Green, Michael"]
[Result "1-0"]
[WhiteElo "2082"]
[BlackElo "2035"]
[PlyCount "59"]
[EventDate "2017.11.12"]
[WhiteTeam "White Rose 2"]
[BlackTeam "Wood Green Monarchs"]

1. e4 e6 2. d4 d5 3. Nc3 Nf6 4. Bg5 Bb4 5. e5 h6 6. Bd2 Bxc3 7. bxc3 Ne4 8. Qg4
g6 9. Bd3 Nxd2 10. Kxd2 c5 11. h4 Nc6 12. Rh3 Qa5 13. Bxg6 Bd7 14. Bxf7+ Kd8
15. Qg7 Kc7 16. Bxe6 Rhd8 17. Ne2 cxd4 18. Ke1 dxc3 19. Rd1 Nb4 20. Kf1 Kc8 21.
Rxc3+ Nc6 22. Bxd7+ Rxd7 23. Qxh6 Kc7 24. e6 Re7 25. Qf4+ Kb6 26. Rb1+ Ka6 27.
Qd6 Rd8 28. Rxc6+ bxc6 29. Qxe7 Qxa2 30. Qb7+ 1-0

[Event "4NCL Division 2a"]
[Site "Telford, ENG"]
[Date "2017.11.12"]
[Round "2.37"]
[White "Serbanescu, Diana-Maria"]
[Black "Li, Harry"]
[Result "0-1"]
[WhiteElo "1999"]
[BlackElo "1988"]
[PlyCount "114"]
[EventDate "2017.11.12"]
[WhiteTeam "Wood Green Monarchs"]
[BlackTeam "White Rose 2"]

1. e4 e5 2. Nf3 Nc6 3. Bc4 Bc5 4. c3 Nf6 5. d3 a6 6. Bb3 d6 7. h3 O-O 8. O-O
Ba7 9. Bg5 h6 10. Bh4 Re8 11. Nbd2 Be6 12. Bc2 d5 13. Re1 d4 14. Nf1 b5 15. Qd2
Bc5 16. Ng3 Be7 17. Nf5 Bxf5 18. exf5 Nd5 19. Bg3 Bf6 20. Re4 Qd7 21. Bb3 Rad8
22. c4 Nb6 23. cxb5 axb5 24. Rc1 Nc8 25. Rxc6 Qxc6 26. Bxe5 Nd6 27. Bxd6 Qxd6
28. g4 c5 29. Qe1 Qc6 30. Nd2 Bg5 31. Rxe8+ Rxe8 32. Ne4 c4 33. Bc2 Bf4 34. Qe2
Rc8 35. b3 Bb8 36. bxc4 bxc4 37. dxc4 Qxc4 38. Bd3 Qc7 39. Ng3 Qb7 40. Ne4 Qb4
41. Kg2 Qe7 42. Qf3 Qe5 43. Ng3 Rc3 44. a4 Ra3 45. h4 Rxa4 46. g5 Ra2 47. Bc4
Rc2 48. Bxf7+ Kf8 49. Nf1 Qe2 50. Bh5 Qxf3+ 51. Bxf3 Bf4 52. Be4 Rc3 53. gxh6
Bxh6 54. Ng3 d3 55. Bf3 d2 56. Ne4 Rxf3 57. Nxd2 Rxf5 0-1

[Event "4NCL Division 2a"]
[Site "Telford, ENG"]
[Date "2017.11.12"]
[Round "2.38"]
[White "Camp, Imogen A L"]
[Black "Guha, Chirag"]
[Result "0-1"]
[WhiteElo "1937"]
[BlackElo "1982"]
[PlyCount "79"]
[EventDate "2017.11.12"]
[WhiteTeam "White Rose 2"]
[BlackTeam "Wood Green Monarchs"]

1. d4 d5 2. c4 e5 3. dxe5 d4 4. Nf3 Nc6 5. a3 Bg4 6. b4 Bxf3 7. exf3 Nxe5 8.
Bd3 Qf6 9. O-O O-O-O 10. f4 Nxd3 11. Qxd3 Ne7 12. g3 h6 13. Nd2 g5 14. Nf3 gxf4
15. Bxf4 Ng6 16. Bd2 Bg7 17. a4 Rhe8 18. a5 a6 19. b5 Re6 20. Rfe1 Kb8 21. Rab1
Rxe1+ 22. Bxe1 Nf8 23. c5 Ka7 24. c6 axb5 25. cxb7 c6 26. a6 Kxa6 27. Ra1+ Kxb7
28. Qa3 d3 29. Qa6+ Kc7 30. Ba5+ Kd6 31. Bxd8 Qxa1+ 32. Qxa1 Bxa1 33. Ba5 c5
34. Kf1 c4 35. Bb4+ Kd5 36. Bxf8 Bb2 37. Bxh6 c3 38. Bg7 d2 39. Ke2 c2 40. Kxd2
0-1

[Event "4NCL Division 2a"]
[Site "Telford, ENG"]
[Date "2017.11.12"]
[Round "2.41"]
[White "Tavares, Shawn P"]
[Black "Goldie, Thomas"]
[Result "1-0"]
[WhiteElo "2159"]
[BlackElo "2207"]
[PlyCount "61"]
[EventDate "2017.11.12"]
[WhiteTeam "Grantham Sharks 2"]
[BlackTeam "Barbican Youth"]

1. e4 c5 2. c3 e6 3. d4 d5 4. e5 Nc6 5. Nf3 Bd7 6. a3 c4 7. b4 cxb3 8. Qxb3 Qc7
9. Bd3 Rc8 10. O-O Nge7 11. a4 Na5 12. Qc2 Nc4 13. Nbd2 b5 14. Nb3 Ng6 15. axb5
Bxb5 16. h4 Be7 17. h5 Nf8 18. h6 g6 19. Bg5 Nd7 20. Qe2 a6 21. Bxe7 Kxe7 22.
Ng5 Rb8 23. Rfe1 Ncxe5 24. Bxb5 Rxb5 25. Nd2 f6 26. Nxe6 Kxe6 27. Rxa6+ Rb6 28.
dxe5 f5 29. Nf3 Ke7 30. Rxb6 Qxb6 31. Qd2 1-0